Obras completas / (Record no. 73727)

MARC details
000 -LEADER
campo de control de longitud fija 00838nam a2200193 i 4500
001 - NÚMERO DE CONTROL
campo de control 73727
003 - IDENTIFICADOR DE NÚMERO DE CONTROL
campo de control ES-MaACL
005 - FECHA Y HORA DE LA ÚLTIMA TRANSACCIÓN
campo de control 20230906171915.0
007 - CAMPO FIJO DE DESCRIPCIÓN FÍSICA--INFORMACIÓN GENERAL
campo de control de longitud fija t|
008 - DATOS DE LONGITUD FIJA--INFORMACIÓN GENERAL
campo de control de longitud fija 040910s1932 sp ||||1| spa d
100 1# - ENTRADA PRINCIPAL--NOMBRE DE PERSONA
Nombre de persona Góngora y Argote, Luis de.
9 (RLIN) 58246
245 10 - MENCIÓN DEL TÍTULO
Título Obras completas /
Mención de responsabilidad, etc. Luis de Góngora y Argote ; edición de Juan Millé y Giménez e Isabel Millé y Giménez.
260 ## - PUBLICACIÓN, DISTRIBUCIÓN, ETC.
Lugar de publicación, distribución, etc. Madrid :
Nombre del editor, distribuidor, etc. M. Aguilar,
Fecha de publicación, distribución, etc. [1932] (
Fabricante Blass)
300 ## - DESCRIPCIÓN FÍSICA
Extensión 1342 p. :
Otras características físicas ret., il. ;
Dimensiones 18 cm.
505 8# - NOTA DE CONTENIDO CON FORMATO
Nota de contenido con formato Contiene: Romances ; Sonetos ; Poemas ; Obras dramáticas ; Epistolario ; Indice de las personas mencionadas en el texto de las cartas ; Indice de las poesías que han sido atribuídas a Don Luis de Góngora
700 1# - ENTRADA AGREGADA--NOMBRE PERSONAL
Nombre de persona Millé y Giménez, Juan.
9 (RLIN) 81195
700 1# - ENTRADA AGREGADA--NOMBRE PERSONAL
Nombre de persona Millé Giménez, Isabel.
9 (RLIN) 81194
852 ## - LOCALIZACIÓN
Ubicación ES-MaACL
Número de control de estantería A-992
Sublocalización o colección R.11257
Holdings
Estatus retirado Estado de pérdida Estado de daño No para préstamo Biblioteca de origen Biblioteca actual Ubicación en estantería Fecha de adquisición Fuente de adquisición Total de préstamos Signatura topográfica completa Código de barras Visto por última vez Precio de reemplazo Tipo de ítem Koha
        Biblioteca del Ateneo de Madrid Biblioteca del Ateneo de Madrid Sala Pecera Planta 1 17/01/2008     A-992 1077170 23/02/2023 23/02/2023 Libro impreso